| Tag |
First Indicator |
Second Indicator |
Subfields |
| LEADER |
00000cam a2200000 4500 |
| 001 |
in00000791925 |
| 005 |
20151017065249.0 |
| 008 |
800815s1941 paua 00010 eng |
| 010 |
|
|
|a 41009900
|
| 035 |
|
|
|a (OCoLC)06622398
|
| 035 |
|
|
|9 ADN6087AM
|
| 040 |
|
|
|a DLC
|c CCH
|d TXA
|d UtOrBLW
|
| 049 |
|
|
|a TXAM
|c [A12489372]
|
| 050 |
|
0 |
|a VM146
|b .B48
|
| 110 |
2 |
|
|a Bethlehem Steel Company.
|
| 245 |
1 |
3 |
|a An introduction to shipbuilding /
|c prepared by Shipbuilding Division, Bethlehem Steel Company.
|
| 264 |
|
1 |
|a [Bethlehem, Pa.],
|b [publisher not identified] ;
|c [1941]
|
| 264 |
|
4 |
|c [©1941]
|
| 300 |
|
|
|a 80 pages :
|b illustrations, diagram ;
|c 23 1/2 cm.
|
| 336 |
|
|
|a text
|b txt
|2 rdacontent
|
| 337 |
|
|
|a unmediated
|b n
|2 rdamedia
|
| 338 |
|
|
|a volume
|b nc
|2 rdacarrier
|
| 500 |
|
|
|a Pages 68-80 blank for "Notes."
|
| 650 |
|
0 |
|a Shipbuilding.
|
| 650 |
|
0 |
|a Ships, Iron and steel.
|
| 650 |
|
0 |
|a Naval art and science
|v Terminology.
|
| 999 |
|
|
|a MARS
|
| 999 |
f |
f |
|s a2faa1a6-c919-3d72-86f7-4f6253031e8a
|i 03146376-2166-3f7a-86a3-0f05812463e4
|t 0
|
| 952 |
f |
f |
|p ric
|a Texas A&M University
|b Rellis Campus
|c Joint Library Facility
|d Remote Storage
|t 0
|e VM146 .B48
|h Library of Congress classification
|i unmediated -- volume
|m A14812489372
|
| 998 |
f |
f |
|a VM146 .B48
|t 0
|l Remote Storage
|